Delinquent and neurotic children : (Record no. 5150)
[ view plain ]
| 000 -LEADER | |
|---|---|
| fixed length control field | 00746nam a22002057a 4500 |
| 003 - CONTROL NUMBER IDENTIFIER | |
| control field | OSt |
| 005 - DATE AND TIME OF LATEST TRANSACTION | |
| control field | 20220404124253.0 |
| 008 - FIXED-LENGTH DATA ELEMENTS--GENERAL INFORMATION | |
| fixed length control field | 220404b ||||| |||| 00| 0 eng d |
| 020 ## - INTERNATIONAL STANDARD BOOK NUMBER | |
| International Standard Book Number | 0415263972 |
| 040 ## - CATALOGING SOURCE | |
| Transcribing agency | ALUPE UNIVERSITY |
| 050 ## - LIBRARY OF CONGRESS CALL NUMBER | |
| Classification number | RJ506 |
| Item number | .J88 B4 1960 |
| 100 ## - MAIN ENTRY--PERSONAL NAME | |
| Personal name | Ivy Bennett |
| 245 ## - TITLE STATEMENT | |
| Title | Delinquent and neurotic children : |
| Remainder of title | a comparative study |
| 260 ## - PUBLICATION, DISTRIBUTION, ETC. | |
| Place of publication, distribution, etc. | [London] : |
| Name of publisher, distributor, etc. | Tavistock Publications, 2001 printing |
| Date of publication, distribution, etc. | 1960 |
| 300 ## - PHYSICAL DESCRIPTION | |
| Extent | 532 p. ; . |
| Size of unit | 23 cm |
| 440 ## - SERIES STATEMENT/ADDED ENTRY--TITLE | |
| Title | International behavioural and social sciences library., Child development ;, 1.; Tavistock, 7. |
| 650 ## - SUBJECT ADDED ENTRY--TOPICAL TERM | |
| Topical term or geographic name entry element | Juvenile delinquency -- Case studies. Child psychiatry -- Case studies. Child psychology -- Case studies. |
| 700 ## - ADDED ENTRY--PERSONAL NAME | |
| Personal name | Ivy Bennett |
| 942 ## - ADDED ENTRY ELEMENTS (KOHA) | |
| Source of classification or shelving scheme | |
| Koha item type | Book |
| Suppress in OPAC | MM |
| Withdrawn status | Lost status | Source of classification or shelving scheme | Damaged status | Not for loan | Permanent Location | Current Location | Shelving location | Date acquired | Source of acquisition | Total Checkouts | Full call number | Barcode | Date last seen | Price effective from | Koha item type | Public note |
|---|---|---|---|---|---|---|---|---|---|---|---|---|---|---|---|---|
| AU LIBRARY | AU LIBRARY | Open Shelf | 04.04.2022 | DONATION FROM MOI UNIVERSITY | RJ506 .J88 B4 1960 | 28007633 | 04.04.2022 | 04.04.2022 | Book | MM |